000 00724nam a2200229 a 4500
001 43502
003 BD-RjUL
005 20211209053716.0
008 160622s1945 nz a 000 0 eng
035 _a(BD-RjUL)43620
040 _aDLC
_cCarP
_dDLC
_dBD-RjUL
_beng
041 _aeng
082 _222
_a374.99356
_bCAF 1945
100 1 _aCampbell, A. E.
_9133647
245 1 4 _aThe Feilding community centre /
_cA. E. Campbell.
260 _aWellington :
_bNew Zealand council for educational research,
_c1945.
300 _a[8], 79p. :
_bill. ;
_c22 cm.
490 _aEducational Research Series ;
_v21.
610 1 0 _aFeilding, New Zealand.
_9133656
830 _aEducational Research Series ;
_v21.
_9132889
942 _2ddc
_cBK
999 _c43502
_d43502